| Registos Bibliográficos associados ao registo de autoridade |
|
Etiqueta de registo: 00000nam 2200025 450 001 2279497 003 http://id.bnportugal.gov.pt/bib/catbnp/2279497 100 ## $a20260312d2024 k y0pory01030103ba 101 0# $aeng$dpor 102 ## $aPT 105 ## $aa m 000yy 106 ## $ar 200 1# $aImpacto do consumo de chá branco no perfil metabólico e fertilidade masculina de ratinhos
obesos$dImpact of white tea consumption on the metabolic profile and male fertility of obese
mice$fLiege Bernardino da Silva$gorient. Maria de Lourdes Gomes Pereira, Branca Maria Cardoso Monteiro da Silva, Marco
Gouveia Alves$zeng 210 #9 $aAveiro$c[s.n.],$d2024 215 ## $a[5] f., VI, 153 p.$cil.$d30 cm 328 #1 $aTese dout. Biomedicina, Universidade de Aveiro, 2024 510 1# $aImpact of white tea consumption on the metabolic profile and male fertility of obese
mice$zeng 675 ## $a612.015.3(043)$vBN$zpor$31243811 675 ## $a633.72(043)$vBN$zpor$31995470 700 #1 $aSilva,$bLiege Bernardino da$31990901 702 #1 $aPereira,$bMaria de Lourdes Gomes$4727$3473033 702 #1 $aAlves,$bMarco Aurélio Gouveia$4727$31954435 801 #0 $aPT$bBN$gRPC 966 ## $lBN$mFGMON$sS.A. 193509 V.$x1 971 ## $corlando$d20260312 972 ## $e0$z0$d20260422$vlrevez 973 ## $cmlsousa$d20260413
|
|
|